000 01054nam0a22002411 4500
001 rc\3712381
005 20130115153001.4
035 _a(NLR Aleph) 007769249
090 _a7450530
_c7450530
100 _a20130115d1972 |||y0rusy50 ca
101 0 _arus
102 _aRU
105 _ay z |||||
200 1 _aСвойства, переработка и области применения стеклопластиков
_eТезисы докл. науч.-техн. семинара 2-4 марта 1972 г.
_f[Под ред. д-ра техн. наук проф. М.Н. Бокина]
_gМ-во высш. и сред. спец. образования СССР. Ленингр. мех. ин-т Ленингр. отд. НТО МАШПРОМ
210 _aЛенинград
_cБ. и.
_d1972
215 _a62 с.
_d21
333 _aДля служебного пользования. Экз. № 123
702 1 _aБокин
_bМ. Н.
_4340
801 0 _aRU
_bNLR
_gpsbo
801 1 _aRU
_bELAR
_2rusmarc
852 _aNLR
_j72-50к/2650
942 _cBOOK
980 _aNB